Φωτοβολταϊκή μετατροπή της ηλιακής ενέργειας σε ηλεκτρική : αυτόνομα φωτοβολταϊκά συστήματα : διδακτορική διατριβή
Αποθηκεύτηκε σε:
| Κύριος συγγραφέας: | |
|---|---|
| Συγγραφή απο Οργανισμό/Αρχή: | |
| Μορφή: | Thesis Βιβλίο |
| Γλώσσα: | Greek |
| Δημοσίευση: |
Ξάνθη :
Δημοκρίτειο Πανεπιστήμιο Θράκης,
1985
|
| Θέματα: | |
| Ετικέτες: |
Προσθήκη ετικέτας
Δεν υπάρχουν, Καταχωρήστε ετικέτα πρώτοι!
|
MARC
| LEADER | 00000cam a2200000 i 4500 | ||
|---|---|---|---|
| 001 | 1/12648 | ||
| 008 | 001012s1985 gre d | ||
| 035 | |l 10064285 | ||
| 040 | |a GR-MY-UA |b gre |e aacr | ||
| 041 | 0 | |a gre | |
| 082 | 0 | |a 621.47 |2 (22) | |
| 100 | 1 | |a Τσαλίδης, Φίλιππος Γ. | |
| 245 | 1 | 0 | |a Φωτοβολταϊκή μετατροπή της ηλιακής ενέργειας σε ηλεκτρική : |b αυτόνομα φωτοβολταϊκά συστήματα : διδακτορική διατριβή / |c Φιλίππου Γ. Τσαλίδη ; επιβλέπων Θαναηλάκης Α. |
| 260 | |a Ξάνθη : |b Δημοκρίτειο Πανεπιστήμιο Θράκης, |c 1985 | ||
| 300 | |a 110 σ. ; |b διαγρ., πιν. ; |c 30 εκ. | ||
| 502 | |a Διατριβή (διδακτορική) - Δημοκρίτειο Πανεπιστήμιο Θράκης, Ξάνθη, 1985. | ||
| 504 | |a Περιέχει βιβλιογραφία | ||
| 650 | 0 | 0 | |a Photovoltaic power systems. |
| 650 | 0 | 0 | |a Photovoltaic power generation. |
| 650 | 0 | 0 | |a Solar energy. |
| 650 | 0 | 0 | |a Direct energy conversion. |
| 650 | 0 | 0 | |a Dissertations, Academic |z Greece. |
| 710 | 2 | |a Δημοκρίτειο Πανεπιστήμιο Θράκης. | |
| 852 | |a INST |b LESVOS |c DIATROTHER |e 20001012 |h 72 |p 005100001322 |q 005100001322 |t PHD |y 23 | ||
| 901 | |a BIBL1-2000-3 | ||
| 909 | |a Λ |b 009399 | ||
| 970 | |a ΚΑΜΑΤΣΟΥ |b ΔΕΣΠΟΙΝΑ |z 2000/10/12 | ||